000
00296nam a22001337a 4500
008
190226b xxu||||| |||| 00| 0 eng d
020
_a
9780803617544
041
_a
eng
080
_a
610.73
100
_a
1
101
_a
INF
245
_a
Maternal-Newborn Nursing
_c
Chapman, L
942
_2
udc
_c
BK
999
_c
54311
_d
54311